=LDR 00000nam 2200000 4500 =001 INLIS000000000046897 =005 20150526152758.0 =006 =007 =008 =020 ##$$a 979-497-385-8 =035 ##$$0010-051500000000156 =040 ##$$a Ind =082 ##$$a 624.15 =090 ##$$a 624.15 $b Sud m =100 ##$$a Soedarmono =245 ##$$a Mekanika Tanah 2 =250 ##$$a Cet.5 =260 ##$$a Yogyakarta $b kanisius $c 1997 =300 ##$$a 341 hlm $c 20cm =850 ##$$a NBPDMAT =990 ##$$a 0001/BPAP-NTB/20142015 =990 ##$$a 0001/BPAP-NTB/20142015 =990 ##$$a 0001/BPAP-NTB/20142015